000 00325nam a22001457a 4500
008 210511b ||||| |||| 00| 0 eng d
020 _a2900824806551
041 _aeng
080 _a82
082 _a82
100 _a21
101 _aGJL
245 _aRickshaw the novel Lo-t' o Hsiang Tzu
_cJames,J,M
942 _2udc
_cBK
999 _c57194
_d57194